Szczegóły MARC21

Obsługa ruchu turystycznego : praca zbiorowa /

003 -Nazwa inst., której nr kontr. jest w polu 001 [,]
    • @
    • Nazwa instytucji, której n kontrolny jest w polu 001
    • NUKAT
005 -DATA I CZAS OSTATNIEJ MODYFIKACJI [,]
    • @
    • pole kontrolne
    • 20241231115455.0
020 -Międzynarod. znormalizowany nr książki - ISBN [ , ]
    • a
    • Numer ISBN
    • 8390765993 Find
    • q
    • Dopowiedzenie
    • Proksenia
040 -Instytucja sporządzająca opis [ , ]
    • a
    • Instytucja, która sporządziła opis (NP)
    • WA M/ES
    • c
    • Instytucja, która sporządziła rekord (NP)
    • WA M/ES
    • d
    • Instytucja, która zmodyfikowała rekord (P)
    • WA M/GM
    • d
    • Instytucja, która zmodyfikowała rekord (P)
    • KR 93/KKs
    • d
    • Instytucja, która zmodyfikowała rekord (P)
    • GL 001/EZN
942 -Rodzaj dokumentu [ , ]
    • c
    • Rodzaj dokumentu
    • Książka
245 -Strefa tytułu i oznaczenia odpowiedzialności [0,0]
    • a
    • Tytuł
    • Obsługa ruchu turystycznego : Find
    • b
    • Ciąg dalszy tytułu (NP)
    • praca zbiorowa / Find
    • c
    • Pozostałe elementy strefy tytułu i oznaczenia odpowiedzialności (NP)
    • pod red. Zygmunta Kruczka ; [aut. Andrzej Fitrzyk et al.].
250 -Strefa wydania [ , ]
    • a
    • Oznaczenie wydania (NP)
    • Wyd. 3 uzup. i popr.
260 -Strefa adresu wydawniczego [ , ]
    • a
    • Miejsce wydania (P)
    • Kraków :
    • b
    • Nazwa wydawcy (P)
    • Krakowska Szkoła Hotelarska :
    • b
    • Nazwa wydawcy (P)
    • Wydawnictwo PROKSENIA,
    • c
    • Data wydania (P)
    • 2004.
300 -Strefa opisu fizycznego [ , ]
    • a
    • Określenie formy książki i/lub objętość (NP)
    • 250, [6] s. :
    • b
    • Oznaczenie ilustracji (NP)
    • il. ;
    • c
    • Format (NP)
    • 24 cm.
336 -Typ zawartości [ , ]
    • a
    • Termin opisujący typ zawartości
    • Tekst
    • b
    • Kod określający zawartość
    • txt
    • 2
    • Źródło (terminu i kodu)
    • rdacontent
337 -Typ mediów [ , ]
    • a
    • Tryb odtwarzania
    • Bez urządzenia pośredniczącego
    • b
    • Kod typu mediów
    • n
    • 2
    • Źródło (terminu i kodu)
    • rdamedia
338 -Typ/rodzaj nośnika [ , ]
    • a
    • Hasło opisujące typ nośnika
    • Wolumin
    • b
    • Kod typu nośnika
    • nc
    • 2
    • Źródło (terminu i kodu)
    • rdacarrier
504 -Uwaga dot. bibliogr. załącznikowej [ , ]
    • a
    • Uwaga dot. bibliografii załącznikowej
    • Literatura uzupełniająca s. 250.
080 -Uniwersalna Klasyfikacja Dziesiętna [ , ]
    • a
    • Symbol klasyfikacji
    • 338.48(07)
080 -Uniwersalna Klasyfikacja Dziesiętna [ , ]
    • a
    • Symbol klasyfikacji
    • :379.85(07)
080 -Uniwersalna Klasyfikacja Dziesiętna [ , ]
    • a
    • Symbol klasyfikacji
    • :796.5(07)
650 -Hasło przedmiotowe [ ,7]
    • a
    • Hasło przedmiotowe
    • Turystyka
    • x
    • Określnik rzeczowy
    • obsługa klientów
    • v
    • Określnik formalny
    • podręczniki.
    • 2
    • Źródło terminu
    • kaba
    • 9
    • KHW
    • 360883
980 -Symbol UKD [ , ]
    • a
    • UKD
    • 338.48:379.85:796.5](07)
700 -Hasło dodatkowe - nazwa osobowa [1, ]
    • a
    • Nazwa osobowa (NP)
    • Kruczek, Zygmunt. Find
    • e
    • Określenie rodzaju współpracy
    • Red.
    • 9
    • KHW
    • 7623
700 -Hasło dodatkowe - nazwa osobowa [1, ]
    • a
    • Nazwa osobowa (NP)
    • Fitrzyk, Andrzej. Find
    • 9
    • KHW
    • 76910
710 -Hasło dodatkowe - nazwa ciała zbiorowego [2, ]
    • a
    • Nazwa ciała zbiorowego lub nazwa geograficzna jako pierwszy element (NP)
    • Krakowska Szkoła Hotelarska.
    • 4
    • Kod relacji
    • pbl
    • 9
    • KHW
    • 76911
710 -Hasło dodatkowe - nazwa ciała zbiorowego [2, ]
    • a
    • Nazwa ciała zbiorowego lub nazwa geograficzna jako pierwszy element (NP)
    • Firma Konsultingowo-Usługowa PROKSENIA.
    • 4
    • Kod relacji
    • pbl
    • 9
    • KHW
    • 67941
920 -ISBN [ , ]
    • a
    • ISBN
    • 83-907659-9-3 Find
    • q
    • Dopowiedzenie
    • Proksenia
Lokalizacja Data inwentaryzacji Sygnatura Numer inwentarzowy Status udost.
T2004-04-13T.7863T.7863-2
T2005-11-22 TM.3585-3
T2005-11-22 TM.3586-3
T2005-11-22 TM.3587-3
T2005-11-22 TM.3588-3
T2005-11-22 TM.3589-3
T2005-12-09 TM.3658-3
T2014-12-02TM.11834TM.11834-3